Presente continuo : (Registro nro. 13463)
[ vista simple ]
| 000 -LIDER | |
|---|---|
| fixed length control field | 00796nam a22002537a 4500 |
| 003 - IDENTIFICACDOR DE NÚMERO DE CONTROL | |
| control field | DO-SdBNP |
| 005 - DATE AND TIME OF LATEST TRANSACTION | |
| control field | 20220302111215.0 |
| 008 - ELEMENTOS DE LONGITUD FIJA | |
| fixed length control field | 210507b2018 dr 00| 0 spa d |
| 020 ## - ISBN | |
| International Standard Book Number | 9879945503302 |
| 040 ## - FUENTE DE CATALOGACIÓN | |
| Agencia que crea de manera original el registro | BPMSU |
| Idioma de catalogación | spa |
| Agencia que realiza la transcripción | BPMSU |
| 082 ## - NÚMERO DE CLASIFICACIÓN DECIMAL DE DEWEY | |
| Classification number | 861.08 |
| Item number | U81p 2018 |
| Edition number | 22 |
| 100 ## - ASIENTO PRINCIPAL -- NOMBRE PERSONAL | |
| Nombre personal | Urrutia, Jorge |
| Fechas asociadas con el nombre | 1945 - |
| 245 10 - MENCIÓN DE TITULO | |
| Título | Presente continuo : |
| Subtítulo | antología / |
| Mención de responsabilidad | Jorge Urrutia |
| 260 ## - PUBLICACIÓN, DISTRIBUCIÓN, ETC. (PIE DE IMPRENTA) | |
| Lugar de publicación, distribución, etc | Santo Domingo : |
| Nombre del editor, distribuidor, etc. | Editora Nacional, |
| Fecha de publicación, distribución, etc | 2018 |
| 300 ## - DESCRIPCIÓN FÍSICA | |
| Extensión | 145 p.; |
| Dimensiones | 20 cm. |
| 490 0# - MENCIÓN DE SERIES | |
| Mención de serie | Puentes |
| 500 ## - NOTA GENERAL | |
| Materiales especificados | Incluyes datos biográficos del autor en la solapa de la cubierta. |
| 590 ## - NOTA LOCAL | |
| Enlace | Inventariado, 2022/VM |
| 650 #4 - ENCABEZAMIENTO DE MATERIA--TEMÁTICO | |
| Término temático o nombre geográfico como elemento de entrada | Poesía española |
| Subdivisión de forma | Colecciones |
| 650 #4 - ENCABEZAMIENTO DE MATERIA--TEMÁTICO | |
| Término temático o nombre geográfico como elemento de entrada | Literatura española |
| 710 2# - ASIENTO SECUNDARIO -- NOMBRE CORPORATIVO | |
| Nombre corporativo o de jurisdicción | Ministerio de Cultura de la República Dominicana |
| 910 ## - VALIDACIÓN | |
| Validación | VMateo V. |
| 942 ## - ADDED ENTRY ELEMENTS (KOHA) | |
| Source of classification or shelving scheme | Dewey Decimal Classification |
| Koha item type | Libros |
| Withdrawn status | Lost status | Source of classification or shelving scheme | Damaged status | Not for loan | Collection code | Home library | Current library | Date acquired | Total Checkouts | Full call number | Barcode | Date last seen | Copy number | Price effective from | Koha item type |
|---|---|---|---|---|---|---|---|---|---|---|---|---|---|---|---|
| Dewey Decimal Classification | Colección Dominicana | Biblioteca Pública Metropolitana Salomé Ureña | Biblioteca Pública Metropolitana Salomé Ureña | 03/02/2022 | BPMSU CD 861.08 U81p 2018 | BPMSU22030003 | 03/02/2022 | e.2 | 03/02/2022 | Libros |